00536nam a22001817a 4500003000400000020001700004082001600021100001500037245003100052250000900083260002900092300000800121650001600129653003100145942001200176952014900188999001700337SGT a978183533622 a616.5bT25C aCLARK, S.  aTREATMENT OF SKIN DISEASES a1ST  aU.K.bMED PLUS PUBc2025 a288 aDERMATOLOGY aTREATMENT OF SKIN DISEASES 2ddccBK 00102ddc40718MEDICALaFMbFMcREFd2025-02-11eABC DELHIg25839.00iSGTUl0o616.5 T25CpFM14718r2025-04-01 00:00:00w2025-02-11yBKk20461 c30568d30568